All Norwegian Premier League Players Ever - Statistics

General Stats
  • This quiz has been taken 35 times
    3 since last reset
  • The average score is 44 of 77
Answer Stats
Position Clubs Years Player % Correct
MID Forest, Leeds, Man City 1994-2001 Alfie Haaland
100%
MID Fulham 2009-11 Bjorn Helge Riise
100%
DEF Wolves 2025-present David Moller Wolfe
100%
ATT Man City 2022-present Erling Haaland
100%
MID Liverpool, Fulham 2001-08, 2011-14 John Arne Riise
100%
ATT Wolves, Crystal Palace 2024-present Jorgen Strand Larsen
100%
DEF Brentford 2021-present Kristoffer Ajer
100%
MID Arsenal 2020-present Martin Odegaard
100%
MID/ATT Southampton 2018-19, 2021-23 Mohamed Elyounoussi
100%
ATT Manchester United 1996-2004, 2005-07 Ole Gunnar Solskjaer
100%
ATT Man City, Fulham 2023-present Oscar Bobb
100%
MID Man City 2009-10 Abdisalam Ibrahim
50%
ATT Hull 2016-17 Adama Diomande
50%
ATT Crystal Palace 2017-19 Alexander Sorloth
50%
MID Norwich 2012-14, 2015-16, 2019-20 Alexander Tettey
50%
ATT Wimbledon 1999-2000 Andreas Lund
50%
ATT Portsmouth 2005-06 Azar Karadas
50%
DEF Derby 2000-01 Bjorn Otto Bragstad
50%
DEF Liverpool 1996-99 Bjorn Tore Kvarme
50%
DEF Fulham, Crystal Palace 2007-16 Brede Hangeland
50%
DEF Burnley 2009-10 Christian Kalvenes
50%
DEF Southampton 1996-2005 Claus Lundekvam
50%
ATT Bolton 2007-08 Daniel Braaten
50%
ATT Southampton, Man City, Blackburn 1996-2003 Egil Ostenstad
50%
MID Leeds, Aston Villa 1999-2004, 2005-06 Eirik Bakke
50%
DEF Wigan 2007-08 Erik Hagen
50%
ATT Man United, Fulham 1997-98, 2007-10 Erik Nevland
50%
GK Spurs 1992-95 Erik Thorstvedt
50%
DEF Chelsea 1992-97 Erland Johnsen
50%
GK Spurs, Everton 1996-99, 2002-03 Espen Baardsen
50%
ATT Leeds 1992-94 Frank Strandli
50%
MID Burnley 2014-15 Fredrik Ulvestad
50%
GK Chelsea 1996-97 Frode Grodas
50%
DEF Oldham, Leeds, Bradford 1992-94, 1996-2001 Gunnar Halle
50%
DEF/MID West Ham, Fulham 2016-17, 2018-19 Havard Nordtveit
50%
DEF Blackburn, Man United 1992-2003 Henning Berg
50%
ATT Swindon, Middlesbrough, Barnsley 1993-94, 1995-98 Jan Age Fjortoft
50%
ATT Aston Villa, Stoke 2006-11 John Carew
50%
ATT Cardiff 2013-14 Jo Inge Berget
50%
DEF Crystal Palace 2013-14 Jonathan Parr
50%
DEF Forest 1998-99 Jon Olav Hjelde
50%
ATT Bournemouth, Everton, Watford 2015-22 Josh King
50%
ATT Sheff Utd 1993-94 Jostein Flo
50%
MID Southampton 1999-2004 Jo Tessem
50%
MID Man City 1992-94 Kare Ingebrigtsen
50%
MID Wigan 2006-07 Kristofer Haestad
50%
GK Leeds 2021-22 Kristoffer Klaesson
50%
MID Forest, Blackburn, Derby 1994-2001 Lars Bohinen
50%
DEF Leeds 2021-22 Leo Hjelde
50%
MID Cardiff 2013-14 Magnus Wolff Eikrem
50%
MID Hull 2016-17 Markus Henriksen
50%
MID Wimbledon, Blackburn 1999-2000, 2003-04 Martin Andresen
50%
MID Norwich 2021-22 Mathias Normann
50%
MID Cardiff 2013-14 Mats Moller Daehli
50%
MID Blackburn 2004-12 Morten Gamst Pedersen
50%
GK Aston Villa 2019-20 Orjan Nyland
50%
MID Wimbledon, Liverpool, Spurs, Villa 1994-2003 Oyvind Leonhardsen
50%
DEF Arsenal 1992-93 Pal Lydersen
50%
MID Sheff Wed 1997-2000 Petter Rudi
50%
DEF West Ham 2000-02 Ragnvald Soma
50%
DEF Sheff Utd, Spurs 1993-94, 1998-99 Roger Nilsen
50%
DEF Man United, Villa, Newcastle 1996-2005 Ronny Johnsen
50%
MID Coventry 1999-2000 Runar Normann
50%
MID Sheff Utd, Burnley, Fulham 2019-21, 2023-present Sander Berge
50%
MID Wimbledon 1997-98 Stale Solbakken
50%
DEF Forest 1998-99 Stale Stensaas
50%
MID Fulham 2018-19 Stefan Johansen
50%
ATT Spurs, Wolves 1996-2004 Steffen Iversen
50%
ATT Southampton 1997-98 Stig Johansen
50%
MID Liverpool, Blackburn 1992-99, 2001-02 Sting Inge Bjornebye
50%
GK Everton, Sunderland, Charlton 1997-2001, 2002-03, 2005-07 Thomas Myhre
50%
ATT Chelsea, Sunderland 1997-2001, 2002-03 Tore Andre Flo
50%
DEF Oldham, Blackburn, Wimbledon 1993-94, 1997-98, 1999-2000 Tore Pedersen
50%
DEF Wimbledon 1999-2000 Trond Andersen
50%
MID Coventry, Southampton 1997-2001 Trond Egil Soltvedt
50%
DEF Liverpool 1998-2001 Vegard Heggem
50%
DEF/MID Hull 2016-17 Omar Elabdelloui
0%
No matching quizzes found
Score Distribution
Percent of People with Each Score
Percentile by Number Answered
Your Score History
You have not taken this quiz since the last reset